<?xml version="1.0" encoding="UTF-8"?>
<marc:record xmlns:marc="http://www.loc.gov/MARC21/slim">
   <marc:leader>00000nam a2200000 a 4500</marc:leader>
   <marc:datafield ind1="1" ind2=" " tag="100">
      <marc:subfield code="a">Moll, Michael</marc:subfield>
      <marc:subfield code="4">aut</marc:subfield>
      <marc:subfield code="e">Verfasser/-in</marc:subfield>
   </marc:datafield>
   <marc:datafield ind1=" " ind2=" " tag="653">
      <marc:subfield code="a">Wohnmobil</marc:subfield>
   </marc:datafield>
   <marc:datafield ind1=" " ind2=" " tag="653">
      <marc:subfield code="a">Camping</marc:subfield>
   </marc:datafield>
   <marc:datafield ind1=" " ind2=" " tag="653">
      <marc:subfield code="a">Wohnwagen</marc:subfield>
   </marc:datafield>
   <marc:datafield ind1=" " ind2=" " tag="653">
      <marc:subfield code="a">Caravan</marc:subfield>
   </marc:datafield>
   <marc:datafield ind1=" " ind2=" " tag="653">
      <marc:subfield code="a">Stellplätze</marc:subfield>
   </marc:datafield>
   <marc:datafield ind1=" " ind2=" " tag="653">
      <marc:subfield code="a">Italien</marc:subfield>
   </marc:datafield>
   <marc:datafield ind1=" " ind2=" " tag="653">
      <marc:subfield code="a">Norditalien</marc:subfield>
   </marc:datafield>
   <marc:datafield ind1=" " ind2=" " tag="653">
      <marc:subfield code="a">Gardasee</marc:subfield>
   </marc:datafield>
   <marc:datafield ind1=" " ind2=" " tag="653">
      <marc:subfield code="a">Verona</marc:subfield>
   </marc:datafield>
   <marc:datafield ind1=" " ind2=" " tag="653">
      <marc:subfield code="a">Dolomiten</marc:subfield>
   </marc:datafield>
   <marc:datafield ind1=" " ind2=" " tag="653">
      <marc:subfield code="a">2019</marc:subfield>
   </marc:datafield>
   <marc:datafield ind1=" " ind2=" " tag="653">
      <marc:subfield code="a">Pustertal</marc:subfield>
   </marc:datafield>
   <marc:datafield ind1=" " ind2=" " tag="653">
      <marc:subfield code="a">WoMo</marc:subfield>
   </marc:datafield>
   <marc:datafield ind1=" " ind2=" " tag="653">
      <marc:subfield code="a">Südtirol</marc:subfield>
   </marc:datafield>
   <marc:datafield ind1=" " ind2=" " tag="653">
      <marc:subfield code="a">Campingführer</marc:subfield>
   </marc:datafield>
   <marc:datafield ind1=" " ind2=" " tag="653">
      <marc:subfield code="a">Bozen</marc:subfield>
   </marc:datafield>
   <marc:datafield ind1=" " ind2=" " tag="653">
      <marc:subfield code="a">Meran</marc:subfield>
   </marc:datafield>
   <marc:datafield ind1=" " ind2=" " tag="653">
      <marc:subfield code="a">Weinland</marc:subfield>
   </marc:datafield>
   <marc:datafield ind1=" " ind2=" " tag="653">
      <marc:subfield code="a">Brixen</marc:subfield>
   </marc:datafield>
   <marc:datafield ind1=" " ind2=" " tag="653">
      <marc:subfield code="a">Bruneck</marc:subfield>
   </marc:datafield>
   <marc:datafield ind1=" " ind2=" " tag="653">
      <marc:subfield code="a">Softcover / Reisen/Reiseführer/Europa</marc:subfield>
   </marc:datafield>
   <marc:datafield ind1=" " ind2=" " tag="653">
      <marc:subfield code="a">Führer</marc:subfield>
   </marc:datafield>
   <marc:datafield ind1="0" ind2="0" tag="245">
      <marc:subfield code="a">Die schönsten Routen durch Südtirol und am Gardasee</marc:subfield>
   </marc:datafield>
   <marc:datafield ind1="0" ind2="0" tag="245">
      <marc:subfield code="c">Michael Moll</marc:subfield>
   </marc:datafield>
   <marc:datafield ind1=" " ind2="1" tag="264">
      <marc:subfield code="a">Bielefeld</marc:subfield>
      <marc:subfield code="b">Reise Know-How Verlag Peter Rump GmbH</marc:subfield>
   </marc:datafield>
   <marc:datafield ind1="1" ind2=" " tag="490">
      <marc:subfield code="a">Wohnmobil-Tourguide</marc:subfield>
   </marc:datafield>
   <marc:datafield ind1=" " ind2=" " tag="250">
      <marc:subfield code="a">5., neu bearbeitete und aktualisierte Auflage</marc:subfield>
   </marc:datafield>
   <marc:datafield ind1="1" ind2=" " tag="520">
      <marc:subfield code="a">Angaben aus der Verlagsmeldung

Reise Know-How Wohnmobil-Tourguide Südtirol und Gardasee : Die schönsten Routen / von Michael Moll

Dieser Wohnmobil-Tourguide ist der ideale Begleiter, um die schönsten Orte Südtirols zu erkunden. Sieben detaillierte Routenbeschreibungen - über 150 Camping- und Stellplatzbeschreibungen inkl. GPS-Daten und Anfahrt - 10 Seiten Routenatlas - landschaftliche Höhepunkte, sehenswerte Städte, charmante Dörfer und traumhafte Seen zwischen den Bergen.

Dazu: Gratis-App für Smartphone, Tablet und PC mit Lage der Camping- und Stellplätze inkl. Luftbildansichten, Routenführung dorthin und seitenbezogenen News und Korrekturen nach Redaktionsschluss, direkt aufrufbar über den QR-Code auf der Buchrückenseite. GPS-Daten zum Download.

Ob passionierter Wohnmobilist oder Neueinsteiger, ob junge Familie oder Senior: Südtirol ist Italiens Topziel für Wohnmobilisten. Im Südtiroler Weinland, in den Dolomiten und rund um den Gardasee gibt es zahlreiche idyllische Picknickplätze, Campingmöglichkeiten mit Zugang zum Seeufer und praktische Stellplätze. Der renommierte Reisejournalist und erfahrene Wohnmobilist Michael Moll hat die schönsten davon herausgesucht und führt den Leser durch die reizvollsten Städte und Landschaften Südtirols.

Aus dem Inhalt:
- Sieben detailliert ausgearbeitete und kombinierbare Routenvorschläge
- Über 150 Park-, Camping- und Stellplätze
- Stadtbesichtigungen mit geeigneten Stell- und Parkplätzen
- Sehenswürdigkeiten, Restaurants und Einkaufsmöglichkeiten
- Stadtpläne zu Brixen, Bruneck, Bozen, Verona und Meran
- Die schönsten Seen, Berge und Landschaften
- 10 Seiten Routenatlas mit Stell- und Campingplätzen
- Durchgängig GPS-Daten
- Ratschläge zur Sicherheit und Pannenhilfe
- Kurzweilige Exkurse zu historischen und kulturellen Themen
- Wörterliste Deutsch-Italienisch mit speziellem Womo-Vokabular

+++ Wohnmobil-Tourguide - die aktuellen Bordbücher von Reise Know-How zu den beliebtesten Wohnmobil-Regionen Europas. Fundiert, übersichtlich, praktisch. Mit exakten Routenkarten und Stadtplänen, stimmungsvollen Fotos, strapazierfähiger Bindung, GPS-Stellplatzdaten zum Herunterladen ...
</marc:subfield>
   </marc:datafield>
   <marc:datafield ind1=" " ind2=" " tag="020">
      <marc:subfield code="a">9783831731848</marc:subfield>
      <marc:subfield code="9">9783831731848</marc:subfield>
   </marc:datafield>
   <marc:datafield ind1=" " ind2=" " tag="020">
      <marc:subfield code="a">3831731845</marc:subfield>
      <marc:subfield code="9">3831731845</marc:subfield>
   </marc:datafield>
   <marc:datafield ind1=" " ind2=" " tag="041">
      <marc:subfield code="a">ger</marc:subfield>
   </marc:datafield>
   <marc:datafield ind1=" " ind2=" " tag="300">
      <marc:subfield code="a">215 Seiten</marc:subfield>
   </marc:datafield>
</marc:record>
